Plníme náš program hospodárstvo národné

Bibliographic Details
Main Author: Meliš, František, 1939-2015 (Author)
Format: Article
Language:Slovak
Subjects:

MARC

LEADER 00000nab a2200000 a 4500
001 vtls008981395
003 SK-MaSNL
005 20260426103933.0
008 070212 19770413xo | 000 0 slo
015 |a SNBRB1977 
040 |a SNKBUCL  |b slo  |c SNKBUCL  |e AACR2 
041 0 |a slo 
044 |a xo  |c SK 
080 |a 338(437.6)"1977"  |2 2001 
100 1 |a Meliš, František,  |d 1939-2015  |4 aut  |9 175254 
245 1 0 |a Plníme náš program  |b hospodárstvo národné  |c František Meliš 
648 7 |a 1977, 1. štvrťrok  |2 snkbucl  |9 1603071 
650 0 7 |a národné hospodárstvo  |2 snkbucl  |9 846 
651 7 |a Slovensko  |2 snkbucl  |9 14231 
773 0 |t Roľnícke noviny  |g 13.4.1977, s. 1-2 
999 |c 3301593  |d 3303523